Perspectives in robust control : (Record no. 60569)

000 -LEADER
fixed length control field 01409cam a22003134a 4500
001 - CONTROL NUMBER
control field 12301781
003 - CONTROL NUMBER IDENTIFIER
control field NUST-PNEC
005 - DATE AND TIME OF LATEST TRANSACTION
control field 20170116180701.0
008 - FIXED-LENGTH DATA ELEMENTS--GENERAL INFORMATION
fixed length control field 010206s2001 enka b 000 0 eng
010 ## - LIBRARY OF CONGRESS CONTROL NUMBER
LC control number 2001020312
020 ## - INTERNATIONAL STANDARD BOOK NUMBER
International Standard Book Number 1852334525
040 ## - CATALOGING SOURCE
Original cataloging agency DLC
Transcribing agency PNEC
Modifying agency DLC
042 ## - AUTHENTICATION CODE
Authentication code pcc
050 00 - LIBRARY OF CONGRESS CALL NUMBER
Classification number TJ217.2
Item number .P47 2001
082 00 - DEWEY DECIMAL CLASSIFICATION NUMBER
Classification number 629.8312 MOH
245 00 - TITLE STATEMENT
Title Perspectives in robust control :
Remainder of title with 113 figures /
Statement of responsibility, etc. S.O. Reza Moheimani (ed.).
260 ## - PUBLICATION, DISTRIBUTION, ETC.
Place of publication, distribution, etc. London :
Name of publisher, distributor, etc. New York :
-- Springer,
Date of publication, distribution, etc. c2001.
300 ## - PHYSICAL DESCRIPTION
Extent xvi, 374 p. :
Other physical details ill. ;
Dimensions 24 cm.
440 #0 - SERIES STATEMENT/ADDED ENTRY--TITLE
Title Lecture notes in control and information sciences ;
Volume/sequential designation 268
500 ## - GENERAL NOTE
General note http://www.amazon.com/Perspectives-Control-Lecture-Information-Sciences/dp/1852334525/ref=sr_1_1?s=books&ie=UTF8&qid=1410249695&sr=1-1&keywords=1852334525
504 ## - BIBLIOGRAPHY, ETC. NOTE
Bibliography, etc. note Includes bibliographical references.
650 #0 - SUBJECT ADDED ENTRY--TOPICAL TERM
Topical term or geographic name entry element Robust control.
General subdivision MIS, ME
700 1# - ADDED ENTRY--PERSONAL NAME
Personal name Moheimani, S. O. Reza,
Dates associated with a name 1967-
856 42 - ELECTRONIC LOCATION AND ACCESS
Materials specified Publisher description
Uniform Resource Identifier <a href="http://www.loc.gov/catdir/enhancements/fy0816/2001020312-d.html">http://www.loc.gov/catdir/enhancements/fy0816/2001020312-d.html</a>
856 41 - ELECTRONIC LOCATION AND ACCESS
Materials specified Table of contents only
Uniform Resource Identifier <a href="http://www.loc.gov/catdir/enhancements/fy0816/2001020312-t.html">http://www.loc.gov/catdir/enhancements/fy0816/2001020312-t.html</a>
906 ## - LOCAL DATA ELEMENT F, LDF (RLIN)
a 7
b cbc
c orignew
d 1
e ocip
f 20
g y-gencatlg
942 ## - ADDED ENTRY ELEMENTS (KOHA)
Source of classification or shelving scheme
Koha item type Book
Holdings
Withdrawn status Lost status Source of classification or shelving scheme Damaged status Not for loan Permanent Location Current Location Date acquired Source of acquisition Cost, normal purchase price Total Checkouts Full call number Barcode Date last seen Cost, replacement price Price effective from Koha item type
          Pakistan Navy Engineering College (PNEC) Pakistan Navy Engineering College (PNEC) 06/28/2006 Progressive International Agency 8780.00   629.8312 MOH PNECLIB-027566 09/09/2014 8780.00 06/28/2006 Book
© 2023 Central Library, National University of Sciences and Technology. All Rights Reserved.